| 000 | 00821nam a2200253 a 4500 | ||
|---|---|---|---|
| 001 | BRCA_7261 | ||
| 005 | 20190320205754.0 | ||
| 008 | 270112s2002----cc-a######---#000-0#eng-# | ||
| 020 | _a0810990733 | ||
| 041 | _aeng | ||
| 044 | _acc | ||
| 050 | 4 |
_aN696.P4 _b.P46 2002 |
|
| 245 | 1 | 0 |
_aPhoenix Art Museum _bcollection highlights _cedited by Michael K. Komanecky ; introduction by James K. Ballinger. |
| 260 |
_aHong Kong _bHarry N. Abrams _c2002 |
||
| 300 |
_a351 p. _bil. a color _c31 cm. |
||
| 500 | _aIncluye índice de obras | ||
| 504 | _aBibliografía: p. 340-342 | ||
| 610 | 2 | 4 |
_aPhoenix Art Museum _xCatálogos _917979 |
| 650 | 1 | 4 |
_aArte _vCatálogos _zPhoenix _917980 |
| 700 | 1 |
_aKomanecky, Michael K. _eed. _94988 |
|
| 700 | 1 |
_aBallinger, James K. _9711 |
|
| 710 | 2 |
_aPhoenix Art Museum. _917981 |
|
| 942 |
_2lcc _cB |
||
| 999 |
_c6941 _d6941 |
||